000 00662nas a2200229 4500
001 BR8602351
003 BR-BrBNA
005 20231205090447.0
007 ta
008 230509b bl.|||p| |||| 00| 00por d
040 _aBR-BrBNA
_bpor
_cBiblioteca Nacional de Agricultura
041 _a(Pt)
072 _aL01
100 1 _aAnon.
245 1 _aCausas de baixa eclodibilidade: diagnostico no incubatorio
650 _aAVICULTURA
650 _aINCUBACAO
650 _aECLODIBILIDADE
773 0 _tAvicultura Industrial (Brazil)
_xISSN 0101-2258
_g(Jun 1986), v. 76(918) p. 22
_wBR8602351
909 _a202311
_bLúcia
_c55
_dLúcia Elande
942 _2AGRIS
_n0
_cANA
999 _c118582
_d118582